[Event "Plzen, JF C"]
[Site "?"]
[Date "1999.??.??"]
[Round "3.3"]
[White "Volosin, L."]
[Black "Novotny, J."]
[Result "1-0"]
[WhiteElo "2423"]
[BlackElo "2178"]
[PlyCount "61"]
[EventDate "1999.??.??"]
[Source "ChessBase"]
[SourceDate "1996.11.15"]

1. d4 d6 2. e4 e6 3. Be3 g6 4. Nc3 Ne7 5. Qd2 h6 6. f3 Bg7 7. O-O-O Nd7 8. g4
a6 9. h4 b5 10. Kb1 Bb7 11. Nce2 Nb6 12. Ng3 d5 13. exd5 Nc4 14. Qf2 c5 15. f4
Nxe3 16. Qxe3 cxd4 17. Qf2 Nc6 18. Nf3 Rc8 19. Bd3 Qa5 20. f5 Nb4 21. a3 Nxd3
22. Rxd3 Bf8 23. fxe6 fxe6 24. Nxd4 Be7 25. Nxe6 Rc4 26. Rf1 Rh7 27. Nf8 Rg7
28. Nxg6 Rxg4 29. Nxe7 Rxe7 30. Qf8+ Kd7 31. Qf5+ 1-0

[Event "Plzen, JF C"]
[Site "?"]
[Date "1999.??.??"]
[Round "3.4"]
[White "Brazdil, R."]
[Black "Lechtynsky, J."]
[Result "0-1"]
[WhiteElo "2183"]
[BlackElo "2365"]
[PlyCount "68"]
[EventDate "1999.??.??"]
[Source "ChessBase"]
[SourceDate "1996.11.15"]

1. e4 c5 2. f4 g6 3. Nc3 Bg7 4. g3 d6 5. Bg2 Nc6 6. Nf3 e6 7. O-O Nge7 8. d3
O-O 9. Be3 Nd4 10. Rb1 Rb8 11. Ne2 Nxf3+ 12. Bxf3 b6 13. d4 Bb7 14. c4 cxd4 15.
Nxd4 a6 16. Qd2 Qc7 17. b3 Nc6 18. Ne2 Ne7 19. Nd4 Rfe8 20. Rbc1 Rbd8 21. Qf2
Nc8 22. Rfd1 Qb8 23. Re1 Qa8 24. Bd2 f5 25. e5 dxe5 26. Bxb7 Qxb7 27. fxe5 Bf8
28. Be3 Bc5 29. Nf3 Rd3 30. Ng5 Rxe3 31. Rxe3 h6 32. Nh3 g5 33. Rce1 Rd8 34.
Qg2 Bxe3+ 0-1

[Event "Plzen, JF C"]
[Site "?"]
[Date "1999.??.??"]
[Round "3.5"]
[White "Cech, P."]
[Black "Spal, M."]
[Result "1-0"]
[WhiteElo "2356"]
[BlackElo "2175"]
[PlyCount "112"]
[EventDate "1999.??.??"]
[Source "ChessBase"]
[SourceDate "1996.11.15"]

1. d4 f5 2. e4 fxe4 3. Nc3 Nf6 4. Bg5 Nc6 5. d5 Ne5 6. Qd4 Nf7 7. Bxf6 exf6 8.
Nxe4 Be7 9. O-O-O O-O 10. Ng3 d6 11. f4 c5 12. Qd2 f5 13. Nf3 Bd7 14. h4 Nh6
15. Ng5 Rc8 16. Re1 c4 17. c3 Bf6 18. Nh5 b5 19. Nxf6+ Qxf6 20. Be2 a5 21. Bf3
b4 22. Ne6 Rfe8 23. Qd4 Ng4 24. Bxg4 Qxd4 25. Nxd4 fxg4 26. g3 bxc3 27. bxc3
Rc5 28. Rxe8+ Bxe8 29. Ne6 Rb5 30. Nc7 Rb8 31. Re1 Bg6 32. f5 Bxf5 33. Re8+
Rxe8 34. Nxe8 Be4 35. Kd2 Bxd5 36. Nxd6 Kf8 37. Ke3 Ke7 38. Nf5+ Kf6 39. Kf4
Be6 40. Ne3 h5 41. a3 Bf7 42. Nf5 Be6 43. Nd6 Bd5 44. Ne8+ Kg6 45. Ke5 Bf3 46.
Nd6 Be2 47. Kd4 Kf6 48. Ne4+ Kf5 49. Ng5 a4 50. Kc5 Ke5 51. Kb5 Kd5 52. Kxa4
Kc5 53. Ne6+ Kd6 54. Nxg7 Ke5 55. Nxh5 Ke4 56. Kb4 Kf3 1-0

[Event "Plzen, JF C"]
[Site "?"]
[Date "1999.??.??"]
[Round "3.6"]
[White "Jirka, J."]
[Black "Miskovsky, P."]
[Result "1-0"]
[WhiteElo "2173"]
[BlackElo "2232"]
[PlyCount "147"]
[EventDate "1999.??.??"]
[Source "ChessBase"]
[SourceDate "1996.11.15"]

1. d4 Nf6 2. g3 d5 3. Nf3 e6 4. Bg2 Bd6 5. c4 c6 6. O-O Nbd7 7. Bf4 Qc7 8. Bxd6
Qxd6 9. Nc3 O-O 10. Nd2 b6 11. e4 dxe4 12. Ndxe4 Nxe4 13. Nxe4 Qe7 14. Re1 Bb7
15. c5 bxc5 16. Qb3 Rab8 17. Qa3 Rfd8 18. dxc5 f5 19. Nd6 Nxc5 20. Qxc5 Qxd6
21. Qxa7 e5 22. a3 e4 23. b4 Qd4 24. Qa5 Qd5 25. Qb6 Qd4 26. Qc7 Qd6 27. Qxd6
Rxd6 28. Bf1 Ra8 29. a4 Rd4 30. Reb1 g5 31. a5 Kg7 32. a6 Bc8 33. Rc1 Bd7 34.
Rd1 Rxd1 35. Rxd1 Ra7 36. Rd6 h5 37. Bc4 f4 38. Kf1 h4 39. gxf4 gxf4 40. Ke2
Bg4+ 41. Kd2 Re7 42. Rxc6 Rd7+ 43. Kc3 e3 44. fxe3 fxe3 45. Rb6 e2 46. Bxe2
Bxe2 47. Rb7 Rf7 48. a7 Rxb7 49. a8=Q Bf3 50. Qd8 Rf7 51. Qg5+ Kh7 52. Qxh4+
Kg6 53. Qg3+ Kh7 54. Kd4 Bb7 55. Ke5 Rg7 56. Qd3+ Kg8 57. Kf6 Bg2 58. h4 Bf1
59. Qd5+ Kh7 60. Qh5+ Kg8 61. Qe8+ Kh7 62. Qe4+ Kg8 63. b5 Bg2 64. Qe8+ Kh7 65.
Qh5+ Kg8 66. b6 Bc6 67. Qe2 Rf7+ 68. Ke6 Rg7 69. Qd3 Bb7 70. Kf6 Bg2 71. h5 Bf1
72. Qb3+ Bc4 73. Qxc4+ Kh8 74. Qc8+ 1-0

[Event "Plzen, JF C"]
[Site "?"]
[Date "1999.??.??"]
[Round "3.7"]
[White "Cervinka, M."]
[Black "Kovarik, J."]
[Result "1-0"]
[WhiteElo "2044"]
[BlackElo "1851"]
[PlyCount "147"]
[EventDate "1999.??.??"]
[Source "ChessBase"]
[SourceDate "1996.11.15"]

1. g3 d5 2. Nf3 Nf6 3. Bg2 c5 4. O-O e6 5. d4 Nc6 6. c4 cxd4 7. Nxd4 Bc5 8.
Nxc6 bxc6 9. Qc2 Qb6 10. e3 O-O 11. Nc3 Be7 12. Na4 Qd8 13. Rd1 Bb7 14. b3 Rc8
15. Bb2 Qc7 16. Rac1 Qb8 17. Qb1 Rfd8 18. Qa1 Ne8 19. Rc2 Bf6 20. Nc5 Bxb2 21.
Rxb2 Ba8 22. Rbd2 Qd6 23. Na4 Qe7 24. Qd4 Nd6 25. Qc5 Nf5 26. Qa5 Nd6 27. Nb2
Ne8 28. e4 Qc7 29. Qc5 Nf6 30. exd5 cxd5 31. Qxc7 Rxc7 32. Na4 Rdc8 33. Nc3 a6
34. Na4 Rb8 35. Kf1 Kf8 36. Ke2 Ke7 37. f4 g6 38. Rd4 Bb7 39. Rc1 Ba8 40. Bf3
h5 41. Rc3 Rcc8 42. Kd2 Rc7 43. cxd5 Rd7 44. Rcd3 Bxd5 45. Nc5 Rd6 46. Ne4 Bxe4
47. Bxe4 Rxd4 48. Rxd4 Rd8 49. Rxd8 Kxd8 50. Bf3 Kc7 51. Kd3 Kb6 52. Kd4 Nd7
53. Be4 a5 54. Bf3 Kb5 55. a3 Kb6 56. Kc4 Nf6 57. b4 axb4 58. Kxb4 Nd7 59. a4
f6 60. a5+ Ka7 61. Bc6 Nf8 62. Be8 e5 63. fxe5 fxe5 64. Kc4 Ka6 65. Kd5 e4 66.
Kxe4 Kxa5 67. Ke5 Kb6 68. Kd6 h4 69. gxh4 Nh7 70. Bxg6 Nf6 71. Ke6 Ng4 72. h3
Nh6 73. Kf6 Kc7 74. Kg7 1-0

[Event "Plzen, JF C"]
[Site "?"]
[Date "1999.??.??"]
[Round "3.8"]
[White "Hrbolka, L sr"]
[Black "Neuman, P."]
[Result "1/2-1/2"]
[WhiteElo "2140"]
[BlackElo "2384"]
[PlyCount "42"]
[EventDate "1999.??.??"]
[Source "ChessBase"]
[SourceDate "1996.11.15"]

1. d4 Nf6 2. Nf3 g6 3. c4 Bg7 4. Nc3 O-O 5. e4 d6 6. Be2 e5 7. O-O Na6 8. Rb1
exd4 9. Nxd4 Nc5 10. Bf3 c6 11. Bf4 Ne8 12. Qd2 Bxd4 13. Qxd4 Ne6 14. Qd2 Nxf4
15. Qxf4 Qa5 16. Rfe1 Qe5 17. Qe3 Be6 18. Be2 f6 19. Bf1 Qa5 20. b4 Qc7 21. Rb2
Rf7 1/2-1/2

[Event "Plzen, JF C"]
[Site "?"]
[Date "1999.??.??"]
[Round "3.9"]
[White "Gross, S."]
[Black "Novacek, K."]
[Result "1-0"]
[WhiteElo "2371"]
[BlackElo "2102"]
[PlyCount "61"]
[EventDate "1999.??.??"]
[Source "ChessBase"]
[SourceDate "1996.11.15"]

1. c4 Nf6 2. g3 g6 3. b4 a5 4. b5 c6 5. Na3 d5 6. Bg2 e5 7. Bb2 Qd6 8. bxc6
bxc6 9. cxd5 cxd5 10. Nb5 Qe7 11. Rc1 Na6 12. Nf3 Nd7 13. Nc7+ Nxc7 14. Rxc7
Bg7 15. Qc1 Qd8 16. d4 e4 17. Ne5 Nxe5 18. dxe5 O-O 19. O-O Ba6 20. Rc2 Rc8 21.
Bh3 Rc4 22. e6 f5 23. Bxg7 Kxg7 24. Rd1 Qc7 25. Rxc4 Bxc4 26. Rxd5 Kf6 27. Bxf5
Qc6 28. Qc3+ Kg5 29. Qd2+ Kf6 30. Qd4+ Kg5 31. Rc5 1-0

[Event "Plzen, JF C"]
[Site "?"]
[Date "1999.??.??"]
[Round "3.10"]
[White "Chrz, P."]
[Black "Michalek, J."]
[Result "0-1"]
[WhiteElo "2121"]
[BlackElo "2330"]
[PlyCount "59"]
[EventDate "1999.??.??"]
[Source "ChessBase"]
[SourceDate "1996.11.15"]

1. e4 c5 2. Nf3 Nc6 3. d4 cxd4 4. Nxd4 e6 5. Be2 Bc5 6. Nb3 Be7 7. O-O Nf6 8.
Nc3 a6 9. a4 O-O 10. Be3 d6 11. a5 Bd7 12. Bb6 Qb8 13. f4 Bd8 14. Bxd8 Rxd8 15.
g4 Be8 16. g5 Nd7 17. Bg4 Nf8 18. f5 Qa7+ 19. Kh1 Ne5 20. fxe6 Nxe6 21. Bxe6
fxe6 22. Nd4 Bd7 23. Na4 Bxa4 24. Rxa4 Re8 25. c3 Re7 26. Qh5 Qc5 27. Qh3 Rae8
28. Raa1 Nc4 29. b4 Qe5 30. Rf4 0-1

[Event "Plzen, JF C"]
[Site "?"]
[Date "1999.??.??"]
[Round "3.11"]
[White "Korenova, M."]
[Black "Matejka, P."]
[Result "0-1"]
[WhiteElo "2285"]
[BlackElo "2083"]
[PlyCount "140"]
[EventDate "1999.??.??"]
[Source "ChessBase"]
[SourceDate "1996.11.15"]

1. e4 c5 2. c3 d5 3. exd5 Qxd5 4. d4 Nf6 5. Be3 cxd4 6. cxd4 e6 7. Nc3 Qd8 8.
Nf3 Nc6 9. a3 Be7 10. Bd3 a6 11. O-O O-O 12. Rc1 Bd7 13. Bb1 Rc8 14. Qd3 g6 15.
Ne5 b5 16. Ne4 Nxe5 17. dxe5 Nxe4 18. Qxe4 Rxc1 19. Rxc1 Qb8 20. Qd3 Rd8 21. f4
Bc6 22. Qc3 Rc8 23. Qa5 Bb7 24. Rxc8+ Qxc8 25. Qb6 Qd7 26. Qd4 Qc6 27. Qd2 b4
28. axb4 Bxb4 29. Qd8+ Bf8 30. Qd2 Bb4 31. Qd8+ Bf8 32. Qd2 Kg7 33. Bd3 Qd5 34.
Qc2 h5 35. Bf1 a5 36. Qc4 Qd1 37. Qe2 Qb3 38. Bd4 Qd5 39. Qe3 Kg8 40. b3 Bc6
41. Kf2 h4 42. h3 Ba3 43. Qc3 Bb4 44. Qc4 Qe4 45. Be3 Be1+ 46. Ke2 Qxc4+ 47.
bxc4 Bg3 48. Kd3 Kf8 49. Kd4 Ke7 50. Kc5 Kd7 51. Kb6 a4 52. c5 a3 53. Bc4 g5
54. Bc1 Bxf4 55. Bxa3 Bxe5 56. Bb5 Bc7+ 57. Ka6 f5 58. Bc1 Bf4 59. Bb2 e5 60.
Kb6 Bxb5 61. Kxb5 e4 62. c6+ Kc7 63. Kc5 e3 64. Bc3 e2 65. Ba5+ Kc8 66. Kd5 Bg3
67. Ke6 e1=Q+ 68. Bxe1 Bxe1 69. Kxf5 Bd2 70. Kg4 Bf4 0-1

[Event "Plzen, JF C"]
[Site "?"]
[Date "1999.??.??"]
[Round "3.14"]
[White "Cernousek, L."]
[Black "Nosek, F."]
[Result "1-0"]
[WhiteElo "2203"]
[BlackElo "1907"]
[PlyCount "81"]
[EventDate "1999.??.??"]
[Source "ChessBase"]
[SourceDate "1996.11.15"]

1. c4 Nf6 2. d4 e6 3. Nf3 d5 4. g3 Be7 5. Bg2 O-O 6. O-O dxc4 7. Ne5 c5 8. dxc5
Qxd1 9. Rxd1 Bxc5 10. Na3 Na6 11. Nexc4 Nc7 12. Na5 Ncd5 13. e4 Nc7 14. Bf4
Bxa3 15. Bxc7 Bxb2 16. Rab1 Bc3 17. Nxb7 Bxb7 18. Rxb7 Rfc8 19. e5 Nd5 20. Bxd5
exd5 21. Rxd5 Bb4 22. Rd7 Bc5 23. Bd6 Bxd6 24. exd6 Rf8 25. Rxa7 Rxa7 26. Rxa7
Rd8 27. d7 f6 28. a4 Kf7 29. Kf1 Ke6 30. Ke2 Kd5 31. Kd3 Kc5 32. a5 Kd5 33. Rc7
Kd6 34. Rc4 Rxd7 35. Rd4+ Kc6 36. Rxd7 Kxd7 37. Kd4 Kc6 38. g4 g6 39. f4 h5 40.
f5 gxf5 41. gxh5 1-0

[Event "Plzen, JF C"]
[Site "?"]
[Date "1999.??.??"]
[Round "3.15"]
[White "Papay, J."]
[Black "Orsag, M."]
[Result "0-1"]
[WhiteElo "2044"]
[BlackElo "2185"]
[PlyCount "80"]
[EventDate "1999.??.??"]
[Source "ChessBase"]
[SourceDate "1996.11.15"]

1. e4 c5 2. Nf3 Nc6 3. d4 cxd4 4. Nxd4 e5 5. Nb5 d6 6. a4 Be6 7. N1c3 a6 8. Na3
Nf6 9. Be2 Be7 10. O-O O-O 11. Be3 d5 12. exd5 Nxd5 13. Nxd5 Bxd5 14. Nc4 Nd4
15. Nxe5 Nxe2+ 16. Qxe2 Qc7 17. Bd4 f6 18. Nd3 Bd6 19. c3 Bxh2+ 20. Kh1 Bd6 21.
Rfe1 Rae8 22. Qh5 Qc6 23. Qg4 Rxe1+ 24. Nxe1 Bc7 25. Kg1 Qd6 26. g3 Re8 27. Ng2
Qc6 28. Ne3 Bf3 29. Qh3 Be5 30. Nf5 g6 31. Nh4 Be4 32. Qf1 Rd8 33. Be3 a5 34.
f4 Bc7 35. Qf2 Rd3 36. Kf1 Qd5 37. Ke1 g5 38. c4 Qe6 39. Ke2 gxh4 40. gxh4 Qg4+
0-1

[Event "Plzen, JF C"]
[Site "?"]
[Date "1999.??.??"]
[Round "3.16"]
[White "Falout, L."]
[Black "Hallerova, E."]
[Result "1/2-1/2"]
[WhiteElo "2129"]
[BlackElo "2152"]
[PlyCount "20"]
[EventDate "1999.??.??"]
[Source "ChessBase"]
[SourceDate "1996.11.15"]

1. e4 d6 2. d4 Nf6 3. Nc3 g6 4. Nf3 Bg7 5. Be2 O-O 6. O-O c6 7. Bf4 b5 8. a3 a6
9. Qd2 Re8 10. Rad1 Qc7 1/2-1/2

[Event "Plzen, JF C"]
[Site "?"]
[Date "1999.??.??"]
[Round "3.17"]
[White "Ungr, D."]
[Black "Pinc, M."]
[Result "1-0"]
[WhiteElo "2008"]
[BlackElo "2140"]
[PlyCount "89"]
[EventDate "1999.??.??"]
[Source "ChessBase"]
[SourceDate "1996.11.15"]

1. Nf3 Nf6 2. d4 g6 3. c4 Bg7 4. g3 O-O 5. Bg2 d6 6. O-O Nbd7 7. Nc3 e5 8. e4
Re8 9. d5 Nc5 10. Qc2 a5 11. Ne1 c6 12. dxc6 bxc6 13. Bg5 Ne6 14. Qd2 Nxg5 15.
Qxg5 Ba6 16. b3 Qc7 17. Rd1 Rad8 18. Nc2 Nd7 19. Na4 Nf8 20. Bh3 Bc8 21. Bxc8
Qxc8 22. c5 Ne6 23. Qd2 Nd4 24. Nxd4 exd4 25. Qd3 d5 26. exd5 cxd5 27. Rfe1 Re6
28. Qd2 Qa6 29. Rxe6 fxe6 30. f4 Qb5 31. Qd3 Qxd3 32. Rxd3 Rc8 33. a3 Kf7 34.
b4 axb4 35. axb4 Ke8 36. Nb6 Rc7 37. Ra3 Ke7 38. Kf2 h6 39. Ke2 g5 40. f5 g4
41. Ra6 Rb7 42. Kd3 Be5 43. fxe6 Kxe6 44. Ra8 Bc7 45. Rh8 1-0

[Event "Plzen, JF C"]
[Site "?"]
[Date "1999.??.??"]
[Round "3.18"]
[White "Sladek, J."]
[Black "Snaidr, J."]
[Result "1-0"]
[WhiteElo "2134"]
[BlackElo "2022"]
[PlyCount "45"]
[EventDate "1999.??.??"]
[Source "ChessBase"]
[SourceDate "1996.11.15"]

1. e4 c5 2. Nf3 Nc6 3. c3 d5 4. exd5 Qxd5 5. d4 e6 6. Be2 Nf6 7. O-O Qd8 8. Bg5
cxd4 9. cxd4 Be7 10. Nc3 O-O 11. Bc4 Na5 12. Bd3 Bd7 13. Qe2 Bc6 14. Ne5 Bd5
15. Rad1 Nc6 16. Bb1 h6 17. Bxf6 gxf6 18. Qg4+ Kh8 19. Qh5 f5 20. Nxf7+ Rxf7
21. Qxf7 Qd6 22. Qg6 Bg5 23. Bxf5 1-0

[Event "Plzen, JF C"]
[Site "?"]
[Date "1999.??.??"]
[Round "3.19"]
[White "Svarc, R."]
[Black "Zelezny, J."]
[Result "0-1"]
[WhiteElo "2180"]
[BlackElo "1903"]
[PlyCount "64"]
[EventDate "1999.??.??"]
[Source "ChessBase"]
[SourceDate "1996.11.15"]

1. c4 e5 2. Nc3 f5 3. d4 e4 4. g3 Bb4 5. Bd2 Bxc3 6. Bxc3 d5 7. Bg2 Nf6 8. Bb4
dxc4 9. Nh3 Nc6 10. Bc3 O-O 11. Qa4 Qd5 12. Nf4 Qf7 13. e3 Rb8 14. O-O b5 15.
Qc2 Nd5 16. Nxd5 Qxd5 17. f3 exf3 18. Bxf3 Qe6 19. Rae1 Ne7 20. e4 f4 21. d5
Qg6 22. Bg2 Nxd5 23. Bd4 Nb4 24. Qd2 Nd3 25. gxf4 Nxe1 26. Rxe1 Bh3 27. Re2
Rbd8 28. b4 Rf7 29. Qe3 Bxg2 30. Rxg2 Qd6 31. Be5 Qd1+ 32. Kf2 Rd2+ 0-1

[Event "Plzen, JF C"]
[Site "?"]
[Date "1999.??.??"]
[Round "3.20"]
[White "Jenc, M."]
[Black "Satransky, J."]
[Result "0-1"]
[WhiteElo "1871"]
[BlackElo "2182"]
[PlyCount "82"]
[EventDate "1999.??.??"]
[Source "ChessBase"]
[SourceDate "1996.11.15"]

1. e4 e5 2. Nf3 Nc6 3. Bc4 Nf6 4. d3 Bc5 5. c3 d6 6. h3 a6 7. O-O O-O 8. Be3
Na5 9. Bb3 Nxb3 10. axb3 Qe7 11. Nbd2 b5 12. b4 Bxe3 13. fxe3 Bb7 14. Qe1 Ne8
15. Nh4 g6 16. Qg3 Ng7 17. Ndf3 Bc8 18. Rf2 Bd7 19. Raf1 Nh5 20. Qh2 f6 21. g4
Ng7 22. Qg3 a5 23. bxa5 Rxa5 24. Kh2 Raa8 25. Ng2 c5 26. Qh4 Ne6 27. Qg3 Ng7
28. Qh4 Ne6 29. Qg3 Bc6 30. Nge1 c4 31. dxc4 Nc5 32. Nd2 bxc4 33. Qf3 Rf7 34.
Nxc4 Nxe4 35. Rc2 Qc7 36. Qe2 Bb5 37. b3 d5 38. Qg2 Rd8 39. Rg1 dxc4 40. Qxe4
cxb3 41. Rf2 Qxc3 0-1

[Event "Plzen, JF C"]
[Site "?"]
[Date "1999.??.??"]
[Round "3.21"]
[White "Eretova, J."]
[Black "Klatil, K."]
[Result "1-0"]
[WhiteElo "2177"]
[BlackElo "2088"]
[PlyCount "79"]
[EventDate "1999.??.??"]
[Source "ChessBase"]
[SourceDate "1996.11.15"]

1. Nf3 d5 2. g3 Nf6 3. Bg2 c5 4. d3 Nc6 5. Nbd2 Qc7 6. O-O e6 7. e4 Be7 8. Re1
O-O 9. c3 dxe4 10. dxe4 b6 11. Nc4 Rd8 12. Qc2 Ba6 13. Bf4 Qc8 14. b3 Nh5 15.
Be3 Bxc4 16. bxc4 e5 17. Qe2 g6 18. h3 f6 19. Nh2 Qa6 20. Rad1 Rxd1 21. Rxd1
Qb7 22. Ng4 Qc7 23. Nh6+ Kf8 24. Nf5 Rd8 25. Bh6+ Kf7 26. Rd5 Bf8 27. Bf3 Ng7
28. Bxg7 Bxg7 29. Ne3 Ne7 30. Rd3 f5 31. exf5 gxf5 32. Bd5+ Kg6 33. g4 f4 34.
Qf3 Bf6 35. Qe4+ Kg7 36. Ng2 Ng6 37. Qf5 Qd7 38. Qe4 a6 39. Ne1 b5 40. Bb7 1-0

[Event "Plzen, JF C"]
[Site "?"]
[Date "1999.??.??"]
[Round "3.22"]
[White "Hercik, J."]
[Black "Stehlik, J."]
[Result "1/2-1/2"]
[WhiteElo "1922"]
[BlackElo "2125"]
[PlyCount "37"]
[EventDate "1999.??.??"]
[Source "ChessBase"]
[SourceDate "1996.11.15"]

1. e4 c5 2. Bc4 Nc6 3. f4 g6 4. Nf3 Na5 5. b3 Bg7 6. c3 Nxc4 7. bxc4 d6 8. Na3
Nf6 9. Qe2 O-O 10. O-O Ne8 11. h3 Nc7 12. d4 b6 13. Bb2 a6 14. Rae1 e6 15. g4
Re8 16. Qf2 Bd7 17. Kh2 Rc8 18. Nh4 Rf8 19. g5 1/2-1/2

[Event "Plzen, JF C"]
[Site "?"]
[Date "1999.??.??"]
[Round "3.23"]
[White "Vladyka, V."]
[Black "Kalista, K."]
[Result "1-0"]
[WhiteElo "2082"]
[BlackElo "1881"]
[PlyCount "109"]
[EventDate "1999.??.??"]
[Source "ChessBase"]
[SourceDate "1996.11.15"]

1. e4 e6 2. d4 d5 3. exd5 exd5 4. Bd3 Nf6 5. Nf3 Bd6 6. O-O O-O 7. c3 c5 8. Bg5
Be6 9. Qc2 h6 10. Bh4 Nbd7 11. Nbd2 Qc7 12. Bg3 c4 13. Bxd6 Qxd6 14. Bf5 Qf4
15. Bxe6 fxe6 16. Rae1 Rae8 17. Qg6 Qg4 18. Qxg4 Nxg4 19. h3 Ngf6 20. Re3 Kf7
21. Rfe1 Re7 22. b3 b5 23. bxc4 dxc4 24. Ne5+ Nxe5 25. Rxe5 Nd5 26. Ne4 Rd8 27.
Rb1 a6 28. a3 Rc7 29. f4 Rc6 30. g4 Nxf4 31. Rf1 g5 32. Nxg5+ Kg6 33. Nxe6 Rxe6
34. Rxf4 Red6 35. h4 R8d7 36. Kg2 Kg7 37. Kf3 Rb6 38. Rfe4 Rf7+ 39. Rf5 Rd7 40.
Ree5 Rbd6 41. Ke4 Rb6 42. d5 a5 43. Re6 Rbb7 44. Rff6 b4 45. cxb4 axb4 46. axb4
c3 47. Rg6+ Kh7 48. Rxh6+ Kg7 49. Kd3 Rxb4 50. Kxc3 Rbb7 51. d6 Ra7 52. h5 Ra3+
53. Kb4 Rd3 54. Kc5 Rc3+ 55. Kd5 1-0

[Event "Plzen, JF C"]
[Site "?"]
[Date "1999.??.??"]
[Round "3.24"]
[White "Cernik, L."]
[Black "Palkova, H."]
[Result "0-1"]
[WhiteElo "1903"]
[BlackElo "2054"]
[PlyCount "46"]
[EventDate "1999.??.??"]
[Source "ChessBase"]
[SourceDate "1996.11.15"]

1. e4 c5 2. Nf3 e6 3. d4 cxd4 4. Nxd4 a6 5. Nc3 Qc7 6. f4 b5 7. Be2 Bb7 8. Bf3
b4 9. Nce2 Nf6 10. e5 Nd5 11. O-O Bc5 12. c4 bxc3 13. bxc3 Ne7 14. Be3 O-O 15.
Qd2 Bxf3 16. Rxf3 d5 17. Raf1 Nd7 18. Rh3 Rfc8 19. Qd3 Nf8 20. Kh1 Bxd4 21.
Bxd4 Qc4 22. Qc2 Nc6 23. Rg1 Nxd4 0-1

[Event "Plzen, JF C"]
[Site "?"]
[Date "1999.??.??"]
[Round "3.25"]
[White "Foglar, S."]
[Black "Vojir, V sr"]
[Result "1-0"]
[WhiteElo "2026"]
[BlackElo "1756"]
[PlyCount "94"]
[EventDate "1999.??.??"]
[Source "ChessBase"]
[SourceDate "1996.11.15"]

1. e4 c6 2. d3 e5 3. Nf3 d6 4. h3 Nf6 5. c4 Nbd7 6. Nc3 Be7 7. Be2 h6 8. Be3
Nf8 9. d4 exd4 10. Nxd4 Ne6 11. Nf5 Bf8 12. Qd2 Nc5 13. Ng3 Be6 14. f4 Qa5 15.
O-O Rd8 16. Rab1 Qc7 17. b4 Na6 18. f5 Bc8 19. a3 Nb8 20. Bf3 b6 21. Bf4 Nbd7
22. Rbd1 Be7 23. Bxd6 Bxd6 24. Qxd6 Qxd6 25. Rxd6 Ne5 26. Rxd8+ Kxd8 27. Be2
Kc7 28. Rd1 Re8 29. Kf2 a6 30. Nf1 b5 31. c5 Rd8 32. Rxd8 Kxd8 33. Ne3 Ke7 34.
g4 Bd7 35. Nc2 Be8 36. Ke3 Nfd7 37. Nd4 Kf8 38. h4 Ke7 39. Kf4 Kf8 40. g5 hxg5+
41. hxg5 g6 42. Nb1 Ke7 43. Nd2 Kf8 44. f6 Kg8 45. N2f3 Nxf3 46. Bxf3 Nf8 47.
Bg4 Nh7 1-0

[Event "Plzen, JF C"]
[Site "?"]
[Date "1999.??.??"]
[Round "3.26"]
[White "Korinek, B."]
[Black "Muller, O."]
[Result "0-1"]
[WhiteElo "1895"]
[BlackElo "2143"]
[PlyCount "110"]
[EventDate "1999.??.??"]
[Source "ChessBase"]
[SourceDate "1996.11.15"]

1. d4 Nf6 2. Nf3 d5 3. Bf4 c6 4. e3 Qb6 5. Qc1 Bf5 6. Bd3 Bxd3 7. cxd3 e6 8.
O-O Nbd7 9. Nc3 Nh5 10. Bg3 Nxg3 11. hxg3 Bd6 12. e4 O-O 13. e5 Be7 14. Qd2
Rac8 15. Rac1 Qa6 16. Rfd1 b6 17. b3 Bb4 18. Qe2 Qa5 19. Nb1 Rc7 20. Qb2 Rfc8
21. a3 Be7 22. b4 Qa6 23. Qb3 c5 24. dxc5 bxc5 25. b5 Qb7 26. a4 Qb6 27. Qc3 c4
28. d4 a6 29. Qb2 axb5 30. axb5 Ra7 31. Rc2 Rca8 32. Nc3 Ra3 33. Rb1 Qa5 34.
Rcc1 Nb6 35. Qc2 Bb4 36. Nd1 Ra2 37. Rb2 Rxb2 38. Nxb2 Qxb5 39. Nd1 Ra3 40. Rb1
Qa5 41. Qb2 Rb3 42. Ra1 Rxb2 43. Rxa5 Rb1 44. Rb5 Rxd1+ 45. Kh2 Bc3 46. Rxb6 h6
47. Rb8+ Kh7 48. Rf8 Bxd4 49. Rxf7 Bb6 50. Ng1 c3 51. Ne2 c2 52. Re7 Re1 53.
Rxe6 Rxe2 54. Rc6 d4 55. e6 d3 0-1

[Event "Plzen, JF C"]
[Site "?"]
[Date "1999.??.??"]
[Round "3.27"]
[White "Vojir, V jr"]
[Black "Koutecky, V."]
[Result "0-1"]
[WhiteElo "1768"]
[BlackElo "1962"]
[PlyCount "80"]
[EventDate "1999.??.??"]
[Source "ChessBase"]
[SourceDate "1996.11.15"]

1. d4 Nf6 2. c4 g6 3. Nc3 d5 4. cxd5 Nxd5 5. e4 Nxc3 6. bxc3 Bg7 7. Bb2 O-O 8.
Bc4 c5 9. Ne2 Nc6 10. O-O Qc7 11. Qc2 Rd8 12. Rfd1 e6 13. a4 Na5 14. Bb3 c4 15.
Ba2 b6 16. Bc1 Bb7 17. f3 Bc6 18. Be3 Qd7 19. Rf1 Bxa4 20. Qb2 Bc6 21. Rf2 f5
22. e5 Bd5 23. Bg5 Rdc8 24. f4 Qb7 25. Ng3 Bf8 26. Nf1 a6 27. Ne3 b5 28. g4 Kf7
29. gxf5 gxf5 30. Qe2 Ke8 31. Qh5+ Qf7 32. Qxf7+ Kxf7 33. Nxd5 exd5 34. Bb1 Nb3
35. Raa2 Ke6 36. Rg2 b4 37. cxb4 Nxd4 38. Ra4 c3 39. Bc2 Nxc2 40. Rxc2 d4 0-1

[Event "Plzen, JF C"]
[Site "?"]
[Date "1999.??.??"]
[Round "4.1"]
[White "Lechtynsky, J."]
[Black "Polak, T."]
[Result "1/2-1/2"]
[WhiteElo "2365"]
[BlackElo "2488"]
[PlyCount "22"]
[EventDate "1999.??.??"]
[Source "ChessBase"]
[SourceDate "1996.11.15"]

1. Nf3 Nf6 2. c4 e6 3. g3 d5 4. Bg2 Be7 5. O-O O-O 6. b3 b6 7. Bb2 Bb7 8. cxd5
exd5 9. Ne5 c5 10. d4 Na6 11. e3 Nc7 1/2-1/2

[Event "Plzen, JF C"]
[Site "?"]
[Date "1999.??.??"]
[Round "4.2"]
[White "Konopka, M."]
[Black "Cech, P."]
[Result "1-0"]
[WhiteElo "2484"]
[BlackElo "2356"]
[PlyCount "113"]
[EventDate "1999.??.??"]
[Source "ChessBase"]
[SourceDate "1996.11.15"]

1. Nf3 Nf6 2. c4 e6 3. g3 Be7 4. Bg2 O-O 5. d4 d5 6. O-O dxc4 7. Qc2 a6 8. Qxc4
b5 9. Qc2 Bb7 10. Bg5 Nbd7 11. Bxf6 Nxf6 12. Nbd2 Rc8 13. Nb3 c5 14. dxc5 Bd5
15. Rfd1 Qc7 16. Nfd4 Bxc5 17. Bxd5 Bxd4 18. Qxc7 Rxc7 19. Nxd4 Nxd5 20. Rac1
Rxc1 21. Rxc1 g6 22. Nc6 Ra8 23. e4 Nb6 24. f3 Kg7 25. Ne5 Ra7 26. Rc6 Nd7 27.
Nd3 g5 28. Kf2 Kf6 29. f4 gxf4 30. gxf4 Ke7 31. Ke3 Nf6 32. h3 Nd7 33. b3 Ra8
34. e5 Rg8 35. Kf3 Ra8 36. Nf2 f5 37. Nd3 h5 38. Nb4 a5 39. Na6 Rg8 40. Nc7 Nf8
41. Nxb5 Rg1 42. Rc7+ Nd7 43. Kf2 Ra1 44. a4 h4 45. Nd4 Ra2+ 46. Rc2 Rxc2+ 47.
Nxc2 Nc5 48. Nd4 Kd7 49. Ke3 Kc7 50. Nf3 Nxb3 51. Nxh4 Nc5 52. Ng2 Nxa4 53. h4
Nb6 54. h5 a4 55. Kd4 Nd5 56. Kc4 Kd7 57. h6 1-0

[Event "Plzen, JF C"]
[Site "?"]
[Date "1999.??.??"]
[Round "4.3"]
[White "Jirka, J."]
[Black "Volosin, L."]
[Result "1/2-1/2"]
[WhiteElo "2173"]
[BlackElo "2423"]
[PlyCount "93"]
[EventDate "1999.??.??"]
[Source "ChessBase"]
[SourceDate "1996.11.15"]

1. d4 d6 2. Nf3 Bg4 3. c4 Bxf3 4. exf3 g6 5. Qb3 Qc8 6. g3 c6 7. h4 Bg7 8. Be3
Nf6 9. Bh3 Qc7 10. Nc3 O-O 11. O-O Nbd7 12. Rad1 Nb6 13. Rfe1 e6 14. a4 d5 15.
c5 Nc8 16. Bf4 Qd7 17. Qa3 Nh5 18. Ne2 b6 19. b4 a5 20. Bd2 Bf6 21. bxa5 bxc5
22. dxc5 Qc7 23. Rb1 Ng7 24. Qb3 Bd8 25. Qb2 e5 26. Nc1 f6 27. Nb3 Ne7 28. f4
e4 29. Nd4 f5 30. Bf1 Rxa5 31. Bxa5 Qxa5 32. Re3 Qxc5 33. Rc1 Qd6 34. Qb7 c5
35. Nb5 Qb6 36. Qd7 c4 37. Rd1 Qe6 38. Qb7 Qb6 39. Qd7 Qe6 40. Qd6 Qxd6 41.
Nxd6 Bb6 42. Nxc4 dxc4 43. Bxc4+ Kh8 44. Rb3 Ba5 45. Rd7 Nc6 46. Rbb7 Bc3 47.
Rb3 1/2-1/2